<?xml version="1.0" encoding="UTF-8"?><?xml-stylesheet type="text/xsl" href="static/style.xsl"?><OAI-PMH xmlns="http://www.openarchives.org/OAI/2.0/" xmlns:xsi="http://www.w3.org/2001/XMLSchema-instance" xsi:schemaLocation="http://www.openarchives.org/OAI/2.0/ http://www.openarchives.org/OAI/2.0/OAI-PMH.xsd"><responseDate>2026-04-13T15:14:03Z</responseDate><request verb="GetRecord" identifier="oai:www.recercat.cat:10256/22342" metadataPrefix="marc">https://recercat.cat/oai/request</request><GetRecord><record><header><identifier>oai:recercat.cat:10256/22342</identifier><datestamp>2024-05-22T11:34:13Z</datestamp><setSpec>com_2072_452966</setSpec><setSpec>com_2072_2054</setSpec><setSpec>col_2072_452968</setSpec></header><metadata><record xmlns="http://www.loc.gov/MARC21/slim" xmlns:dcterms="http://purl.org/dc/terms/" xmlns:xsi="http://www.w3.org/2001/XMLSchema-instance" xmlns:doc="http://www.lyncode.com/xoai" xsi:schemaLocation="http://www.loc.gov/MARC21/slim http://www.loc.gov/standards/marcxml/schema/MARC21slim.xsd">
   <leader>00925njm 22002777a 4500</leader>
   <datafield ind2=" " ind1=" " tag="042">
      <subfield code="a">dc</subfield>
   </datafield>
   <datafield ind2=" " ind1=" " tag="720">
      <subfield code="a">Viu Duran, Oriol</subfield>
      <subfield code="e">author</subfield>
   </datafield>
   <datafield ind2=" " ind1=" " tag="260">
      <subfield code="c">2022-06</subfield>
   </datafield>
   <datafield ind2=" " ind1=" " tag="520">
      <subfield code="a">In recent years, the video game industry has experienced a resurgence of cinematic 2D puzzle-platformer games. These games are often characterised by their short playtime, simple mechanics and a powerful ambience. In spite of the absence of dialogue or text, these types of games tell a complete and understandable story with a profound message. Some notable titles may include Another World (1991) and, more recently, Limbo (2010), Inside (2016) or Gris (2018). The game that will be developed for this project is called WAVA. It is a game that explores a very common and relatable topic: finding our place, whether it is physically or mentally. This message is transmitted through the game loop, which consists in reaching the end of each level by defeating certain setbacks and getting knowledge from them, thus enabling us to go on further. In addition, by using different elements of design such as composition, weather or colour, the game emphasises the main character’s feelings</subfield>
   </datafield>
   <datafield ind1="8" ind2=" " tag="024">
      <subfield code="a">http://hdl.handle.net/10256/22342</subfield>
   </datafield>
   <datafield tag="653" ind2=" " ind1=" ">
      <subfield code="a">Videojocs</subfield>
   </datafield>
   <datafield tag="653" ind2=" " ind1=" ">
      <subfield code="a">Video games</subfield>
   </datafield>
   <datafield ind2="0" ind1="0" tag="245">
      <subfield code="a">WAVA: Design and development of a cinematic 2D puzzle-platformer game</subfield>
   </datafield>
</record></metadata></record></GetRecord></OAI-PMH>